000 01139nam0a22002651 4500
001 rc\2910117
005 20250806211334.0
035 _a(NLR Aleph) 007060891
090 _a50115
_c50115
100 _a20110805d1943 u y0rusy50 ca
101 0 _arus
102 _aRU
105 _aa z |||||
200 1 _aИнструкция по изготовлению жирового солидола
_fСост. инж. Добряковой
_gГлавнефтеснаб при СНК СССР. Всесоюз. производств.-техн. контора по рационализации использования нефтепродуктов. Техрацнефть
210 _aМосква
_aЛенинград
_cГостоптехиздат
_d1943
_eМосква
215 _a16 с., 1 л. табл.
_cтабл.
_d17 см
300 _aБез тит. л. Описано по обл.
700 1 _aДобрякова
801 0 _aRU
_bNLR
_gpsbo
801 1 _aRU
_bELAR
_2rusmarc
852 _aNLR
_jТ44 Г-2/31
942 _cBOOK
945 _aРоссийская национальная библиотека
980 _aNB
980 _aBV